Ευρωπαϊκή Κύπρος, οι προοπτικές για την ΟΝΕ και οι τελευταίες εξελίξεις στο κυπριακό πρόβλημα : πτυχιακή εργασία
Saved in:
| Main Author: | |
|---|---|
| Corporate Author: | |
| Other Authors: | |
| Format: | Thesis Book |
| Language: | Greek |
| Published: |
Ρόδος :
Πανεπιστήμιο Αιγαίου, Τμήμα Μεσογειακών Σπουδών,
2004.
|
| Subjects: | |
| Tags: |
Add Tag
No Tags, Be the first to tag this record!
|
MARC
| LEADER | 00000cam a2200000 i 4500 | ||
|---|---|---|---|
| 001 | 1/70435 | ||
| 008 | 050126s2004 gre d | ||
| 035 | |l 10076224 | ||
| 040 | |a GR-MY-UA |b gre |e aacr | ||
| 041 | 0 | |a gre | |
| 082 | 7 | |a 327.564504 |2 (22) | |
| 100 | 1 | |a Χειμωνής, Γεώργιος. | |
| 245 | 1 | 0 | |a Ευρωπαϊκή Κύπρος, οι προοπτικές για την ΟΝΕ και οι τελευταίες εξελίξεις στο κυπριακό πρόβλημα : |b πτυχιακή εργασία / |c Χειμωνής Γεώργιος ; επιβλέπων καθηγητής: Σεϊμένης Ιωάννης ; συνεισηγητές καθηγητές: Σιούσιουρας Πέτρος, Σακκάς Ιωάννης. |
| 260 | |a Ρόδος : |b Πανεπιστήμιο Αιγαίου, Τμήμα Μεσογειακών Σπουδών, |c 2004. | ||
| 300 | |a 153 σ. | ||
| 502 | |a Πτυχιακή εργασία - Πανεπιστήμιο Αιγαίου, Ρόδος, 2004. | ||
| 504 | |a Περιέχει βιβλιογραφικές αναφορές. | ||
| 610 | 2 | 0 | |a University of the Aegean |x Dissertations. |
| 651 | 0 | |a Cyprus |x Foreign relations |z European Union countries. | |
| 700 | 1 | |a Σεϊμένης, Γιάννης. |4 ths | |
| 710 | 2 | |a Πανεπιστήμιο Αιγαίου. |b Σχολή Ανθρωπιστικών Σπουδών. |b Τμήμα Μεσογειακών Σπουδών. | |
| 852 | |a INST |b RHODES |c DIATR |e 20050126 |h 327.564504 ΧΕΙ |p 005400017921 |q 005400017921 |t DIE |y 23 | ||
| 852 | |a INST |b RHODES |c DIATR |e 20050126 |h 327.564504 ΧΕΙ |p 005400017922 |q 005400017922 |t DIE |y 23 | ||
| 901 | |a BIBL4-2004-3 | ||
| 909 | |a Ρ |b 110387 | ||
| 909 | |a Ρ |b 110386 | ||
| 924 | |a ΧΕΙΜΩΝΗΣ |b ΓΕΩΡΓΙΟΣ |y Ρόδος |z 2004-11 | ||
| 970 | |a ΣΜΠΙΛΗ |b ΕΛΕΝΗ |z 2005/01/26 | ||